| 000 | 00929nam a2200229Ii 4500 | ||
|---|---|---|---|
| 003 | JO-AjNU | ||
| 008 | 230605s9999||||xx |||||||||||||| ||und|| | ||
| 017 | _a2011/4/1258 | ||
| 020 | _a978- 9957- 16- 703- 5 | ||
| 040 |
_aJO-AjNU _bara _erda _cJO-AjNU |
||
| 041 | _aara | ||
| 050 | 1 | 4 | _aKMM100.8 2019 |
| 100 | 3 |
_aالزبن، سليمان ضيف الله , _eauthor _959172 |
|
| 245 | 0 | 0 | _aالتحويل الإلكتروني للأموال ومسؤولية البنوك القانونية |
| 250 | _aط1 | ||
| 264 | 3 | 1 | _aعمان: دار الثقافة للنشر والتوزيع، 2019 |
| 300 |
_a255ص _bيحتوي على مصادر ومراجع من ص237- 255 يحتوي على مجموعة من الرسائل الجامعية |
||
| 336 |
_atext _btxt _2rdacontent |
||
| 337 |
_aunmediated _bn _2rdamedia |
||
| 338 |
_avolume _bnc _2rdacarrier |
||
| 650 | 4 |
_aالتحويلات النقدية -البنوك _959173 |
|
| 999 |
_aA26614 _c30182 _d30182 |
||